000 00801nam a22002897a 4500
001 BR9902558
003 BR-BrBNA
005 20230928100409.0
007 ta
008 230509b bl.||||| |||| 00| 0 por d
040 _aBR-BrBNA
_bpor
_cBiblioteca Nacional de Agricultura
041 _a(Eng, Por)
072 _aF61
_b2120
090 _ 2120 BR9902558
100 1 _aMedcalf, J.C.
100 1 _aLott, W.L.
110 1 _aIBEC Research Institute, Sao Paulo, SP (Brasil)
_95542
245 1 _aAplicacao de quelatos metalicos em cafeeiros
_bno. 11
260 3 _aSao Paulo, SP (Brasil):
_c1956.
300 _a23 p.
500 _a6 tables; 7 illus.; 22 ref.
650 _aCafe
650 _aAnalise Foliar
650 _aComposto Quimico
909 _a202309
_bLucia
_c55
_dLucia Elande
942 _cBK
999 _c61181
_d61181